Torschützenliste der Serie A 2018-2019 - Statistiken

Allgemein
  • Dieses Quiz wurde 20 mal gespielt
  • Das Durchschnittsergebnis liegt bei 7 aus 11
Antwortstatistiken
Tore Nationalität Verein Spieler % Korrekt
21 Portugal Juventus Turin Cristiano Ronaldo
100%
15 Italien Lazio Rom Ciro Immobile
90%
16 Belgien SSC Neapel Dries Mertens
85%
23 Kolumbien Atalanta Bergamo Duván Zapata
85%
17 Polen SSC Neapel Arkadiusz Milik
75%
26 Italien Sampdoria Genua Fabio Quagliarella
70%
22 Polen AC Mailand⁠ Krzysztof Piątek
70%
15 Italien FC Turin Andrea Belotti
60%
16 Italien FC Empoli Francesco Caputo
20%
16 Italien Cagliari Calcio Leonardo Pavoletti
15%
16 Italien SPAL Ferrara Andrea Petagna
5%
Keine übereinstimmenden Quizze gefunden
Verteilung der Resultate
Anzahl Personen mit jedem Resultat
Perzentil nach korrekt beantworteten Fragen
Ihre Resultats-Entwicklung
Sie haben dieses Quiz noch nicht gespielt